000
00211 a2200097 4500
001
11923
100
_a
Kahin, G
245
_a
Major government of Asia
260
_a
_b
Cornell university
_c
090
_c
9177
_d
9177
942
_a
NUST-CAE
_c
M
_c
36019
999
_c
246996
_d
246996